000 00409nam a2200181Ia 4500
100 _aSadiku/Matthew/N.O
650 _aElectromagnetics
250 _a6
942 _cBK
366 _f25
654 _aelectromagnetics
245 _aPrinciples of Electromagnetics
260 _bOxford university press
_c2015
082 _a530.141
_bSAD
300 _a888
546 _aENGLISH
_cPAMPHALETS
999 _c30183
_d30183